00634nam a2200169 a 450000100100000000500170001000800410002704000250006808200090009310000510010224500800015326000760023330000200030904900090032995201090033899900170044700002236420240305073654.0101005s1961 dr 001 0 spa d aDO-SdBNPbspacBNPHU axxxx1 aRodríguez Demorizi, Emilio,d1908-19869103910aReconstrucción de un régimen político /cEmilio Rodríguez Demorizi. aCiudad Trujillo, República Dominicana :bImpresora Dominicana,c1961. a11 p. ;c22 cm. aBNPD 0010718PDaPDbPDcCTd2010-10-05iLF1l0oxxxx p22364-10r2020-06-25w2020-06-25yLFPDZNo se presta c21862d21862